| 000 | 00413nam a2200157 i 4500 | ||
|---|---|---|---|
| 001 | 103721 | ||
| 003 | ES-MaACL | ||
| 005 | 20230906183431.0 | ||
| 007 | t| | ||
| 008 | 051117s1922 fr ||||1| fre d | ||
| 100 | 1 |
_aMéry, Jules. _980624 |
|
| 245 | 1 | 0 |
_aTerre païenne _b: roman / _cJules Méry. |
| 260 |
_aParis : _b[s.n.], _c1922 ( _fJouve et C.) |
||
| 300 |
_a248 p. ; _c19 cm. |
||
| 852 |
_aES-MaACL _jF-4739 |
||
| 999 |
_c103721 _d103721 |
||